<?xml version="1.0" encoding="UTF-8"?><?xml-stylesheet type="text/xsl" href="static/style.xsl"?><OAI-PMH xmlns="http://www.openarchives.org/OAI/2.0/" xmlns:xsi="http://www.w3.org/2001/XMLSchema-instance" xsi:schemaLocation="http://www.openarchives.org/OAI/2.0/ http://www.openarchives.org/OAI/2.0/OAI-PMH.xsd"><responseDate>2026-04-18T02:57:58Z</responseDate><request verb="GetRecord" identifier="oai:www.recercat.cat:10230/46270" metadataPrefix="marc">https://recercat.cat/oai/request</request><GetRecord><record><header><identifier>oai:recercat.cat:10230/46270</identifier><datestamp>2025-12-20T20:24:24Z</datestamp><setSpec>com_2072_6</setSpec><setSpec>col_2072_452954</setSpec></header><metadata><record xmlns="http://www.loc.gov/MARC21/slim" xmlns:dcterms="http://purl.org/dc/terms/" xmlns:xsi="http://www.w3.org/2001/XMLSchema-instance" xmlns:doc="http://www.lyncode.com/xoai" xsi:schemaLocation="http://www.loc.gov/MARC21/slim http://www.loc.gov/standards/marcxml/schema/MARC21slim.xsd">
   <leader>00925njm 22002777a 4500</leader>
   <datafield ind2=" " ind1=" " tag="042">
      <subfield code="a">dc</subfield>
   </datafield>
   <datafield ind2=" " ind1=" " tag="720">
      <subfield code="a">Papadopoulos, Nikolaos</subfield>
      <subfield code="e">author</subfield>
   </datafield>
   <datafield ind2=" " ind1=" " tag="260">
      <subfield code="c">2021-01-26T11:39:23Z</subfield>
   </datafield>
   <datafield ind2=" " ind1=" " tag="260">
      <subfield code="c">2021-01-26T11:39:23Z</subfield>
   </datafield>
   <datafield ind2=" " ind1=" " tag="260">
      <subfield code="c">2020-07</subfield>
   </datafield>
   <datafield ind2=" " ind1=" " tag="520">
      <subfield code="a">Treball fi de màster de: Master in Cognitive Systems and Interactive Media</subfield>
   </datafield>
   <datafield ind2=" " ind1=" " tag="520">
      <subfield code="a">Directos: Martí Sànchez-Fibla, Ismael Tito Freire Gonzalez</subfield>
   </datafield>
   <datafield ind2=" " ind1=" " tag="520">
      <subfield code="a">In this thesis, a novel performance evaluation framework is introduced for several&#xd;
dynamic multi-agent interpretations of the Battle of the Exes scenario, which are also&#xd;
proposed for the first time. The Multi-Agent BoE scenario (MBoE) was modeled as a&#xd;
Markov Game and was computationally examined in 7 branches of 2-6 and 2-10 agents’&#xd;
experiments (43 experiments) for two types of state-representations, two numbers of&#xd;
episodes and various reward systems. New variations of Fairness (Multi-agent Fairness&#xd;
&amp;amp; Reward Fairness) were proposed, with the latter being used to measure the systems’&#xd;
performance, as literature’s 2-agents metrics were found insufficient for n-agents&#xd;
games. Furthermore, a Perfect Alternation equilibrium was introduced, defined and&#xd;
evaluated, as an ideal equilibrium, robust to the number of agents and episodes of a&#xd;
system. For the purposes of this thesis, it was hypothesized and eventually shown, that a&#xd;
Fair and Efficient equilibrium in multi-agent dynamic environments such as MBoE does&#xd;
not necessarily signify Perfect Alternation. Furthermore, new types of metrics and&#xd;
indicators for measuring and evaluating the performance of a system towards Perfect&#xd;
Alternation were introduced and tested: Rotation (RT, with 2 sub-metrics and 2 forms),&#xd;
Alternation (ALT, 6 versions) and Proportional Individual Performance. ALT metrics&#xd;
definitions were found sufficient for evaluating of Perfect Alternation, thus they was&#xd;
benchmarked and tested through the series of experiments, aspiring to initiate this&#xd;
branch of studies and contribute novel tools for deeper understanding of complexsystems, such as the social behavior of cognitive systems.</subfield>
   </datafield>
   <datafield tag="653" ind2=" " ind1=" ">
      <subfield code="a">Conventionalization</subfield>
   </datafield>
   <datafield tag="653" ind2=" " ind1=" ">
      <subfield code="a">Game Theory</subfield>
   </datafield>
   <datafield tag="653" ind2=" " ind1=" ">
      <subfield code="a">Battle of the Exes</subfield>
   </datafield>
   <datafield tag="653" ind2=" " ind1=" ">
      <subfield code="a">Battle of the Sexes</subfield>
   </datafield>
   <datafield tag="653" ind2=" " ind1=" ">
      <subfield code="a">Multi-agent Battle of the Exes</subfield>
   </datafield>
   <datafield tag="653" ind2=" " ind1=" ">
      <subfield code="a">MBoE</subfield>
   </datafield>
   <datafield tag="653" ind2=" " ind1=" ">
      <subfield code="a">Repeated Games</subfield>
   </datafield>
   <datafield tag="653" ind2=" " ind1=" ">
      <subfield code="a">Repeated Games</subfield>
   </datafield>
   <datafield tag="653" ind2=" " ind1=" ">
      <subfield code="a">Stochastic Games</subfield>
   </datafield>
   <datafield tag="653" ind2=" " ind1=" ">
      <subfield code="a">Alternation Equilibrium</subfield>
   </datafield>
   <datafield tag="653" ind2=" " ind1=" ">
      <subfield code="a">n-agents</subfield>
   </datafield>
   <datafield tag="653" ind2=" " ind1=" ">
      <subfield code="a">Multi-Agent Reinforcement Learning</subfield>
   </datafield>
   <datafield tag="653" ind2=" " ind1=" ">
      <subfield code="a">Q-learning</subfield>
   </datafield>
   <datafield tag="653" ind2=" " ind1=" ">
      <subfield code="a">Perfect Alternation Equilibrium</subfield>
   </datafield>
   <datafield tag="653" ind2=" " ind1=" ">
      <subfield code="a">Perfect Alternation</subfield>
   </datafield>
   <datafield tag="653" ind2=" " ind1=" ">
      <subfield code="a">Fairness</subfield>
   </datafield>
   <datafield tag="653" ind2=" " ind1=" ">
      <subfield code="a">Efficiency</subfield>
   </datafield>
   <datafield tag="653" ind2=" " ind1=" ">
      <subfield code="a">Reward Fairness</subfield>
   </datafield>
   <datafield tag="653" ind2=" " ind1=" ">
      <subfield code="a">Multi-agent Fairness</subfield>
   </datafield>
   <datafield tag="653" ind2=" " ind1=" ">
      <subfield code="a">Rotation</subfield>
   </datafield>
   <datafield tag="653" ind2=" " ind1=" ">
      <subfield code="a">Metric</subfield>
   </datafield>
   <datafield tag="653" ind2=" " ind1=" ">
      <subfield code="a">Alternation Metric</subfield>
   </datafield>
   <datafield tag="653" ind2=" " ind1=" ">
      <subfield code="a">ALT</subfield>
   </datafield>
   <datafield ind2="0" ind1="0" tag="245">
      <subfield code="a">Study of turn-taking coordination for nagents in game-theoretic scenarios, with reinforcement learning: Proposal of an evaluation framework of Perfect Alternation Equilibria for multi-agent environments</subfield>
   </datafield>
</record></metadata></record></GetRecord></OAI-PMH>